Anticipated capitalization of the Santiago Metro System on housing prices
Guardat en:
| Autors principals: | , |
|---|---|
| Format: | Llibre |
| Idioma: | espanyol |
| Publicat: |
Santiago
Universidad Alberto Hurtado
2006
|
| Col·lecció: | Serie Documentos de Investigación, I-176
|
| Matèries: | |
| Etiquetes: |
Afegir etiqueta
Sense etiquetes, Sigues el primer a etiquetar aquest registre!
|
MARC
| LEADER | 00000nam a2200000 a 4500 | ||
|---|---|---|---|
| 001 | UCI4530 | ||
| 003 | CL-VaPUC | ||
| 008 | 080118e20061200CL |||||||||||||||||spa|d | ||
| 082 | 0 | 4 | |a 332.632 |b AGO |2 21 |
| 100 | 0 | |a Agostini González, Claudio Andrés |e author |9 526455 | |
| 700 | 0 | |a Palmucci, Gastón A |e author |9 526456 | |
| 245 | 1 | 0 | |a Anticipated capitalization of the Santiago Metro System on housing prices |
| 300 | |a 28 p | ||
| 942 | |c BK | ||
| 945 | |d 20080118 00:00:00 |a jtorresc | ||
| 260 | |a Santiago |b Universidad Alberto Hurtado |c 2006 | ||
| 600 | 0 | 7 | |a METRO DE SANTIAGO |2 CL-VaPUC |9 526457 |
| 650 | 0 | |a Viviendas |9 255326 | |
| 650 | 0 | |a Proyectos de inversión |9 261065 | |
| 650 | 0 | |a Bienes raíces |9 307158 | |
| 650 | 7 | |a PLUSVALIA |2 CL-VaPUC |9 526458 | |
| 583 | |a last modification |c 20190627 10:30:28 |k Rodrigo Vera | ||
| 490 | 0 | |a Serie Documentos de Investigación, I-176 | |
| 999 | |c 328436 |d 328434 | ||
| 952 | |0 0 |1 0 |4 0 |6 332_632000000000000_AGO_2006 |7 0 |8 A |9 412351 |a BIBGIM |b BIBGIM |d 2019-11-22 |i 4399609 |o 332.632 AGO 2006 |p 4399609 |r 2025-01-15 |w 2019-11-22 |y BK |k GIM | ||